Esbozo de una Nueva Gramática de la Lengua Española
Kaydedildi:
| Yazar: | |
|---|---|
| Materyal Türü: | Kitap |
| Dil: | Spanish |
| Baskı/Yayın Bilgisi: |
Madrid, España
Espasa Calpe
1989
|
| Konular: | |
| Etiketler: |
Etiketle
Etiket eklenmemiş, İlk siz ekleyin!
|
MARC
| LEADER | 00000nam a2200000Ia 4500 | ||
|---|---|---|---|
| 008 | 170316s9999 xx 000 0 spa d | ||
| 040 | |a cru BVZT | ||
| 090 | |a 415-E R-2e | ||
| 100 | |a Real Academia Española | ||
| 245 | |a Esbozo de una Nueva Gramática de la Lengua Española |c Real Academia Española | ||
| 260 | |a Madrid, España | ||
| 260 | |b Espasa Calpe | ||
| 260 | |c 1989 | ||
| 300 | |a 592 páginas | ||
| 650 | |a GRAMÁTICA ESPAÑOLA |9 35 | ||
| 999 | |c 19065 |d 19065 | ||
| 942 | |c 4 D |h 415-E R-2e |2 z | ||
